<?xml version="1.0" encoding="UTF-8"?>
<record
    xmlns:xsi="http://www.w3.org/2001/XMLSchema-instance"
    xsi:schemaLocation="http://www.loc.gov/MARC21/slim http://www.loc.gov/standards/marcxml/schema/MARC21slim.xsd"
    xmlns="http://www.loc.gov/MARC21/slim">

  <leader>00287dam a22001097a 4500</leader>
  <datafield tag="999" ind1=" " ind2=" ">
    <subfield code="c">2971</subfield>
    <subfield code="d">2971</subfield>
  </datafield>
  <controlfield tag="008">190521e1990    cl ||||| |||| 00| 0 spa d</controlfield>
  <datafield tag="100" ind1=" " ind2=" ">
    <subfield code="a">Meneghello Rivera, Julio</subfield>
    <subfield code="9">344</subfield>
  </datafield>
  <datafield tag="245" ind1=" " ind2=" ">
    <subfield code="a">Dialogos en Pediatria</subfield>
  </datafield>
  <datafield tag="250" ind1=" " ind2=" ">
    <subfield code="a">1a ed.</subfield>
  </datafield>
  <datafield tag="260" ind1=" " ind2=" ">
    <subfield code="a">Santiago [Chile]</subfield>
    <subfield code="b">Mediterraneo</subfield>
    <subfield code="c">1990</subfield>
  </datafield>
  <datafield tag="500" ind1=" " ind2=" ">
    <subfield code="a">Baja</subfield>
  </datafield>
  <datafield tag="952" ind1=" " ind2=" ">
    <subfield code="0">0</subfield>
    <subfield code="1">0</subfield>
    <subfield code="2">ddc</subfield>
    <subfield code="4">0</subfield>
    <subfield code="5">1</subfield>
    <subfield code="7">1</subfield>
    <subfield code="9">5719</subfield>
    <subfield code="a">BFM</subfield>
    <subfield code="b">BFM</subfield>
    <subfield code="d">2019-05-21</subfield>
    <subfield code="l">0</subfield>
    <subfield code="p">1638</subfield>
    <subfield code="r">2019-05-21</subfield>
    <subfield code="t">Ej.1  V. 1</subfield>
    <subfield code="w">2019-05-21</subfield>
    <subfield code="y">BK</subfield>
    <subfield code="z">Baja</subfield>
  </datafield>
  <datafield tag="952" ind1=" " ind2=" ">
    <subfield code="0">0</subfield>
    <subfield code="1">0</subfield>
    <subfield code="2">ddc</subfield>
    <subfield code="4">0</subfield>
    <subfield code="5">1</subfield>
    <subfield code="7">1</subfield>
    <subfield code="9">5720</subfield>
    <subfield code="a">BFM</subfield>
    <subfield code="b">BFM</subfield>
    <subfield code="d">2019-05-21</subfield>
    <subfield code="l">0</subfield>
    <subfield code="p">1639</subfield>
    <subfield code="r">2019-05-21</subfield>
    <subfield code="t">Ej.1  V. 2</subfield>
    <subfield code="w">2019-05-21</subfield>
    <subfield code="y">BK</subfield>
    <subfield code="z">Baja</subfield>
  </datafield>
  <datafield tag="952" ind1=" " ind2=" ">
    <subfield code="0">0</subfield>
    <subfield code="1">0</subfield>
    <subfield code="2">ddc</subfield>
    <subfield code="4">0</subfield>
    <subfield code="5">1</subfield>
    <subfield code="7">1</subfield>
    <subfield code="9">5721</subfield>
    <subfield code="a">BFM</subfield>
    <subfield code="b">BFM</subfield>
    <subfield code="d">2019-05-21</subfield>
    <subfield code="l">0</subfield>
    <subfield code="p">1640</subfield>
    <subfield code="r">2019-05-21</subfield>
    <subfield code="t">Ej.1  V. 3</subfield>
    <subfield code="w">2019-05-21</subfield>
    <subfield code="y">BK</subfield>
    <subfield code="z">Baja</subfield>
  </datafield>
</record>
